[Event "SWE-chT 2122 Elite"]
[Site "Sweden"]
[Date "2022.04.09"]
[Round "2"]
[White "Kenneskog, Theodor"]
[Black "Petersson, Baldur Teodor"]
[Result "1/2-1/2"]
[WhiteElo "2307"]
[BlackElo "2247"]
[PlyCount "80"]
[EventDate "2021.12.03"]
[EventType "team-tourn"]
[EventRounds "9"]
[EventCountry "SWE"]
[SourceTitle "EXT 2024"]
[Source "ChessBase"]
[SourceDate "2023.10.10"]
[SourceVersion "1"]
[SourceVersionDate "2023.10.10"]
[SourceQuality "1"]
[WhiteTeam "Stockholm Rockaden"]
[BlackTeam "Vasteras"]
[WhiteTeamCountry "SWE"]
[BlackTeamCountry "SWE"]

1. e4 e6 2. d4 d5 3. Nc3 Bb4 4. e5 Qd7 5. h4 c5 6. a3 Bxc3+ 7. bxc3 b6 8. h5 h6 9. Qg4 f5 10. Qg3 Ba6 11. Bxa6 Nxa6 12. Ne2 Rc8 13. Nf4 Qf7 14. Qd3 Nb8 15. a4 Ne7 16. Ba3 0-0 17. Rh3 Nbc6 18. Rg3 Na5 19. Kf1 Nc4 20. Bc1 Rc6 21. Kg1 Rfc8 22. Ng6 Nxg6 23. Rxg6 f4 24. Qf3 Rf8 25. Rg4 Rcc8 26. Rxf4 Qe7 27. Qg4 Kh8 28. Qg6 Rxf4 29. Bxf4 Rf8 30. g3 Qf7 31. dxc5 bxc5 32. Rb1 Qe7 33. Kg2 Rd8 34. g4 Rf8 35. Kg3 Rxf4 36. Kxf4 Qf8+ 37. Kg3 Nd2 38. Rg1 Ne4+ 39. Kh2 Qxf2+ 40. Rg2 Qh4+ 1/2-1/2

[Event "SWE-chT 2122 Elite"]
[Site "Sweden"]
[Date "2022.03.19"]
[Round "4.2"]
[White "Larsson, Anders"]
[Black "Petersson, Baldur Teodor"]
[Result "1-0"]
[WhiteElo "2203"]
[BlackElo "2247"]
[PlyCount "71"]
[EventDate "2021.12.03"]
[EventType "team-tourn"]
[EventRounds "9"]
[EventCountry "SWE"]
[SourceTitle "EXT 2023"]
[Source "ChessBase"]
[SourceDate "2022.10.05"]
[SourceVersion "1"]
[SourceVersionDate "2022.10.05"]
[SourceQuality "1"]
[WhiteTeam "Kungstornet"]
[BlackTeam "Vasteras"]
[WhiteTeamCountry "SWE"]
[BlackTeamCountry "SWE"]

1. e4 e6 2. d4 d5 3. Nc3 Bb4 4. e5 Qd7 5. Bd2 b6 6. Nb5 Bxd2+ 7. Qxd2 Ne7 8. Nf3 Ba6 9. a4 Kf8 10. Bd3 c6 11. Nd6 Nc8 12. Nxc8 Qxc8 13. 0-0 Nd7 14. Rfc1 Bxd3 15. Qxd3 g6 16. c4 Qb7 17. cxd5 cxd5 18. Ra3 Kg7 19. Rac3 Rhc8 20. h4 a6 21. Qc2 Rxc3 22. Qxc3 a5 23. h5 b5 24. Qe3 bxa4 25. h6+ Kg8 26. Qf4 Rc8 27. Ng5 Rxc1+ 28. Qxc1 Nf8 29. Kh2 Qe7 30. f4 f6 31. Qc5 Qd8 32. exf6 Qxf6 33. Qc7 Kh8 34. Qf7 Qxf7 35. Nxf7+ Kg8 36. Ne5 1-0

[Event "Nordic-ch U20 Gp-A"]
[Site "Torshavn"]
[Date "2021.09.11"]
[Round "4"]
[White "Kistrup, Nicolai"]
[Black "Petersson, Baldur Teodor"]
[Result "1/2-1/2"]
[WhiteElo "2260"]
[BlackElo "2214"]
[PlyCount "62"]
[EventDate "2021.09.10"]
[EventType "swiss"]
[EventRounds "6"]
[EventCountry "FAI"]
[SourceTitle "CBM 204 Extra"]
[Source "ChessBase"]
[SourceDate "2021.11.30"]
[SourceVersion "1"]
[SourceVersionDate "2021.11.30"]
[SourceQuality "1"]

1. d4 Nf6 2. c4 c5 3. d5 g6 4. Nc3 Bg7 5. e4 d6 6. Bd3 0-0 7. h3 e6 8. Nf3 exd5 9. exd5 Re8+ 10. Be3 Rxe3+ 11. fxe3 Qe7 12. Qe2 Nbd7 13. 0-0-0 Ne5 14. Nxe5 Qxe5 15. Rhf1 Bd7 16. Rf3 Be8 17. Rdf1 Qe7 18. g4 Nd7 19. Ne4 Ne5 20. Nf6+ Bxf6 21. Rxf6 Rb8 22. Kb1 b5 23. cxb5 Nxd3 24. Qxd3 Bxb5 25. Qb3 Qe4+ 26. Kc1 Bxf1 27. Qxb8+ Kg7 28. Rxf1 Qxe3+ 29. Kd1 Qd3+ 30. Ke1 Qe3+ 31. Kd1 Qd3+ 1/2-1/2

[Event "SWE-ch U20"]
[Site "Helsingborg"]
[Date "2021.07.08"]
[Round "6"]
[White "Petersson, Baldur Teodor"]
[Black "Falkevall, Axel"]
[Result "0-1"]
[WhiteElo "2230"]
[BlackElo "2209"]
[PlyCount "186"]
[EventDate "2021.07.03"]
[EventType "tourn"]
[EventRounds "9"]
[EventCountry "SWE"]
[SourceTitle "CBM 203 Extra"]
[Source "ChessBase"]
[SourceDate "2021.09.30"]
[SourceVersion "1"]
[SourceVersionDate "2021.09.30"]
[SourceQuality "1"]

1. e4 e6 2. d3 d5 3. Nd2 Nf6 4. Ngf3 Nc6 5. c3 Bd6 6. b4 e5 7. a3 0-0 8. Qc2 Re8 9. Bb2 a5 10. b5 Ne7 11. c4 dxe4 12. dxe4 b6 13. c5 Bxc5 14. Nxe5 Ng6 15. Nxg6 hxg6 16. Be2 Bb7 17. Bf3 Nxe4 18. Nxe4 Bxe4 19. Bxe4 Qh4 20. 0-0 Rxe4 21. Qc3 f6 22. Rad1 Bd6 23. g3 Qh3 24. Rd4 Rxd4 25. Qxd4 Re8 26. Qd5+ Qe6 27. Qd3 Kh7 28. Rc1 Qe2 29. Qxe2 Rxe2 30. Bd4 g5 31. Be3 Rb2 32. a4 Rb3 33. Rc6 Rd3 34. Kf1 Kg6 35. Ke2 Rd5 36. h3 Kf5 37. g4+ Ke6 38. f4 gxf4 39. Bxf4 Kd7 40. Bxd6 Rxd6 41. Rc4 Rd5 42. Ke3 Rc5 43. Rd4+ Ke6 44. h4 Rc3+ 45. Kd2 Rg3 46. h5 Rg2+ 47. Kd3 Rg3+ 48. Kd2 Ke7 49. Re4+ Kd7 50. Rd4+ Kc8 51. Re4 Kd7 52. Rd4+ Ke6 53. Rc4 Kd5 54. Rxc7 Rxg4 55. Rc6 Rxa4 56. Rxb6 Kc5 57. Re6 Kxb5 58. h6 gxh6 59. Rxf6 Rh4 60. Kc3 a4 61. Rf5+ Kc6 62. Ra5 a3 63. Kb3 Rh3+ 64. Ka2 Kd6 65. Rb5 Ke6 66. Ra5 Kf6 67. Ra6+ Ke5 68. Ra5+ Kd4 69. Ra4+ Kc5 70. Ra8 h5 71. Ra7 h4 72. Rh7 Kd5 73. Rh8 Ke5 74. Re8+ Kf5 75. Rf8+ Kg5 76. Rg8+ Kh5 77. Rh8+ Kg6 78. Rg8+ Kh6 79. Rh8+ Kg7 80. Rh5 Kg6 81. Rh8 Kg5 82. Rg8+ Kf4 83. Rh8 Kg4 84. Rg8+ Kf3 85. Rf8+ Kg2 86. Rh8 Rh1 87. Kxa3 h3 88. Rg8+ Kh2 89. Kb2 Rg1 90. Rh8 Kg2 91. Rg8+ Kh1 92. Rh8 h2 93. Kc2 Rg2+ 0-1

[Event "SWE-ch U20"]
[Site "Helsingborg"]
[Date "2021.07.05"]
[Round "3"]
[White "Pantzar, Milton"]
[Black "Petersson, Baldur Teodor"]
[Result "1-0"]
[WhiteElo "2421"]
[BlackElo "2230"]
[PlyCount "109"]
[EventDate "2021.07.03"]
[EventType "tourn"]
[EventRounds "9"]
[EventCountry "SWE"]
[SourceTitle "CBM 203 Extra"]
[Source "ChessBase"]
[SourceDate "2021.09.30"]
[SourceVersion "1"]
[SourceVersionDate "2021.09.30"]
[SourceQuality "1"]

1. d4 Nf6 2. c4 g6 3. Nc3 Bg7 4. e4 d6 5. Nf3 0-0 6. Be2 e5 7. 0-0 Nbd7 8. Be3 Re8 9. d5 Nh5 10. Re1 a5 11. a3 Bf8 12. b4 b6 13. Nd2 Ng7 14. Nb3 f5 15. bxa5 bxa5 16. a4 Bb7 17. c5 Nxc5 18. Nxc5 dxc5 19. Bb5 Re7 20. Bg5 Ne8 21. Bxe8 Qxe8 22. Bxe7 Qxe7 23. Qb3 Ba6 24. d6+ Qf7 25. Qxf7+ Kxf7 26. dxc7 Bd6 27. Rab1 Bxc7 28. Nb5 Rc8 29. Nxc7 Rxc7 30. exf5 gxf5 31. Rxe5 Bd3 32. Rc1 c4 33. Rxa5 c3 34. f3 c2 35. Kf2 f4 36. Rd5 Bg6 37. Rd4 Ke6 38. Rxf4 Rb7 39. Rc4 Rb2 40. Ke3 Kd5 41. Rc3 Ra2 42. a5 Rxa5 43. R1xc2 Bxc2 44. Rxc2 Ke5 45. Kf2 Kf6 46. g4 Ra4 47. Rc6+ Kg7 48. Kg3 Ra3 49. h4 Ra4 50. g5 Ra3 51. Kg4 Ra4+ 52. f4 Ra7 53. h5 Rb7 54. h6+ Kf7 55. Rc8 1-0

[Event "SWE-ch U20"]
[Site "Helsingborg"]
[Date "2021.07.03"]
[Round "1"]
[White "Wernberg, Hugo"]
[Black "Petersson, Baldur Teodor"]
[Result "1-0"]
[WhiteElo "2208"]
[BlackElo "2230"]
[PlyCount "53"]
[EventDate "2021.07.03"]
[EventType "tourn"]
[EventRounds "9"]
[EventCountry "SWE"]
[SourceTitle "CBM 203 Extra"]
[Source "ChessBase"]
[SourceDate "2021.09.30"]
[SourceVersion "1"]
[SourceVersionDate "2021.09.30"]
[SourceQuality "1"]

1. c4 c5 2. Nf3 d5 3. cxd5 Nf6 4. e4 a6 5. d3 e6 6. dxe6 Bxe6 7. h3 Nc6 8. Nc3 h6 9. Be3 Qa5 10. Bd2 Qc7 11. Be2 g5 12. g4 0-0-0 13. Rc1 Kb8 14. Be3 Nd4 15. Nxd4 cxd4 16. Nd5 Qe5 17. f4 Qd6 18. Bxd4 Nd7 19. Bxh8 Bxd5 20. 0-0 f6 21. exd5 Qxd5 22. Bf3 Qd4+ 23. Kg2 Bd6 24. Qb3 Nb6 25. Rc4 Qe3 26. Re4 Qc5 27. Bxf6 1-0

[Event "Rilton Cup 49th"]
[Site "Stockholm"]
[Date "2020.01.04"]
[Round "8"]
[White "Chetverik, Maxim"]
[Black "Petersson, Baldur Teodor"]
[Result "0-1"]
[WhiteElo "2198"]
[BlackElo "2247"]
[PlyCount "66"]
[EventDate "2019.12.27"]
[EventType "swiss"]
[EventRounds "9"]
[EventCountry "SWE"]
[SourceTitle "CBM 194 Extra"]
[Source "ChessBase"]
[SourceDate "2020.03.31"]
[SourceVersion "1"]
[SourceVersionDate "2020.03.31"]
[SourceQuality "1"]

1. d4 Nf6 2. c4 g6 3. Nf3 Bg7 4. g3 0-0 5. Bg2 d6 6. 0-0 Nc6 7. d5 Na5 8. Nfd2 c6 9. a3 cxd5 10. cxd5 e6 11. Nc3 exd5 12. Nxd5 Nxd5 13. Bxd5 Bh3 14. Re1 Rc8 15. Rb1 b5 16. b3 Nc6 17. Ne4 h6 18. Bb2 Ne5 19. Qd2 Qb6 20. Rbd1 Kh7 21. Bd4 Qc7 22. f4 Ng4 23. Bxg7 Kxg7 24. e3 Qb6 25. Qb2+ Kh7 26. Rd4 Rc7 27. Nxd6 Rd7 28. Nxf7 Nxe3 29. Ng5+ hxg5 30. Rxe3 Rxd5 31. Rde4 Rd7 32. g4 gxf4 33. Qf2 fxe3 0-1

[Event "Rilton Cup 49th"]
[Site "Stockholm"]
[Date "2020.01.03"]
[Round "7"]
[White "Petersson, Baldur Teodor"]
[Black "Seo, Jung Min"]
[Result "0-1"]
[WhiteElo "2247"]
[BlackElo "2444"]
[PlyCount "80"]
[EventDate "2019.12.27"]
[EventType "swiss"]
[EventRounds "9"]
[EventCountry "SWE"]
[SourceTitle "CBM 194 Extra"]
[Source "ChessBase"]
[SourceDate "2020.03.31"]
[SourceVersion "1"]
[SourceVersionDate "2020.03.31"]
[SourceQuality "1"]

1. e4 Nf6 2. e5 Nd5 3. c4 Nb6 4. d4 d6 5. exd6 exd6 6. Nf3 Nc6 7. Be2 Be7 8. Nc3 0-0 9. 0-0 Bg4 10. b3 Bf6 11. Be3 d5 12. c5 Nc8 13. Rc1 N8e7 14. h3 Be6 15. g4 Ng6 16. Nh2 Bh4 17. f4 f5 18. Rf3 Qd7 19. g5 h6 20. gxh6 gxh6 21. Qd2 Kh7 22. Kh1 Rg8 23. Rg1 Rg7 24. Rff1 Rag8 25. Bh5 Bf6 26. Nf3 Nh4 27. Rxg7+ Rxg7 28. Rg1 Rxg1+ 29. Bxg1 Qg7 30. Nxh4 Bxh4 31. Qg2 a6 32. Bf3 Qxg2+ 33. Kxg2 Nb4 34. Bf2 Bf6 35. a3 Nd3 36. Be3 c6 37. Nd1 Ne1+ 38. Kf2 Nc2 39. Nb2 Nxd4 40. Nd3 Nxb3 0-1

[Event "Rilton Cup 49th"]
[Site "Stockholm"]
[Date "2020.01.02"]
[Round "6"]
[White "Schoppen, Casper"]
[Black "Petersson, Baldur Teodor"]
[Result "1/2-1/2"]
[WhiteElo "2507"]
[BlackElo "2247"]
[PlyCount "138"]
[EventDate "2019.12.27"]
[EventType "swiss"]
[EventRounds "9"]
[EventCountry "SWE"]
[SourceTitle "CBM 194 Extra"]
[Source "ChessBase"]
[SourceDate "2020.03.31"]
[SourceVersion "1"]
[SourceVersionDate "2020.03.31"]
[SourceQuality "1"]

1. e4 e6 2. d4 d5 3. Nc3 Bb4 4. e5 Ne7 5. a3 Bxc3+ 6. bxc3 c5 7. Qg4 cxd4 8. Qxg7 Rg8 9. Qxh7 Qc7 10. Qd3 Qxe5+ 11. Ne2 dxc3 12. Qxc3 Nbc6 13. Qxe5 Nxe5 14. Ng3 f6 15. Nh5 Kf7 16. Bb2 Nd7 17. f4 Nf5 18. Kf2 b6 19. Bd3 Nd6 20. Rhg1 Bb7 21. g4 Rh8 22. h4 Rh6 23. Be2 Rah8 24. Rad1 Ne4+ 25. Ke1 Ndc5 26. Bf3 Ba6 27. Bd4 Ke7 28. f5 Kf7 29. Bxc5 Nxc5 30. fxe6+ Kxe6 31. Bxd5+ Kd6 32. Bb7+ Kc7 33. Bxa6 Nxa6 34. Rd5 Nc5 35. Rf5 Ne4 36. Rgf1 R6h7 37. Kd1 Kb7 38. Re1 Nc3+ 39. Kc1 Rc7 40. Rxf6 Rc4 41. Re7+ Ka6 42. Rf4 Rxf4 43. Nxf4 Rxh4 44. Rg7 Rh2 45. Nd3 Rg2 46. Kb2 Na4+ 47. Kb3 Nc5+ 48. Nxc5+ bxc5 49. g5 Rg4 50. g6 Kb5 51. c4+ Kb6 52. Rg8 Ka5 53. g7 Rg3+ 54. Kc2 Ka4 55. Kd2 Kxa3 56. Ke2 a5 57. Kf2 Rg6 58. Kf3 a4 59. Ke4 Ka2 60. Kd5 Rg5+ 61. Kd6 a3 62. Kc6 Kb3 63. Rb8+ Kxc4 64. g8Q+ Rxg8 65. Rxg8 a2 66. Ra8 Kb3 67. Kxc5 Kb2 68. Rb8+ Kc2 69. Ra8 Kb2 1/2-1/2

[Event "Rilton Cup 49th"]
[Site "Stockholm"]
[Date "2019.12.31"]
[Round "5"]
[White "Petersson, Baldur Teodor"]
[Black "Kizatbay, Abyl"]
[Result "1/2-1/2"]
[WhiteElo "2247"]
[BlackElo "2135"]
[PlyCount "88"]
[EventDate "2019.12.27"]
[EventType "swiss"]
[EventRounds "9"]
[EventCountry "SWE"]
[SourceTitle "CBM 194 Extra"]
[Source "ChessBase"]
[SourceDate "2020.03.31"]
[SourceVersion "1"]
[SourceVersionDate "2020.03.31"]
[SourceQuality "1"]

1. e4 c5 2. Nc3 d6 3. g3 Nc6 4. Bg2 g6 5. d3 Bg7 6. Be3 e6 7. Qd2 Rb8 8. Nf3 b5 9. 0-0 Nd4 10. Ne1 Ne7 11. Bh6 0-0 12. a3 a5 13. Nd1 Bb7 14. Bxg7 Kxg7 15. f4 f5 16. Ne3 Qb6 17. a4 b4 18. Nc4 Qc7 19. e5 d5 20. Nd6 Ba6 21. Nf3 Nc8 22. Nxc8 Rfxc8 23. Nxd4 cxd4 24. Rfc1 Qb6 25. b3 Rc3 26. Bf1 Rbc8 27. Ra2 Qc5 28. Rb2 Kf7 29. Qd1 Ke7 30. h4 Kd7 31. Kf2 Qe7 32. Qd2 h6 33. Be2 Rg8 34. Rh1 Qg7 35. Rbb1 Rgc8 36. Bd1 h5 37. Kg2 Qe7 38. Rb2 Qc5 39. Re1 Ke8 40. Re2 Kf7 41. Rf2 Rc7 42. Re2 Bc8 43. Rf2 Bd7 44. Ra2 Bc8 1/2-1/2

[Event "Rilton Cup 49th"]
[Site "Stockholm"]
[Date "2019.12.29"]
[Round "3"]
[White "Petersson, Baldur Teodor"]
[Black "Rasti, Arvin"]
[Result "1-0"]
[WhiteElo "2247"]
[BlackElo "2181"]
[PlyCount "93"]
[EventDate "2019.12.27"]
[EventType "swiss"]
[EventRounds "9"]
[EventCountry "SWE"]
[SourceTitle "CBM 194 Extra"]
[Source "ChessBase"]
[SourceDate "2020.03.31"]
[SourceVersion "1"]
[SourceVersionDate "2020.03.31"]
[SourceQuality "1"]

1. e4 c5 2. Nc3 g6 3. g3 Bg7 4. Bg2 Nc6 5. d3 d6 6. Be3 e5 7. Qd2 Nge7 8. Bh6 0-0 9. h4 Bxh6 10. Qxh6 f6 11. Nd5 Nxd5 12. exd5 Ne7 13. Qd2 Bf5 14. Bf3 Rc8 15. g4 Bd7 16. Ne2 c4 17. d4 Qb6 18. c3 Rce8 19. 0-0-0 Qa5 20. Kb1 e4 21. Bxe4 Bxg4 22. h5 g5 23. f3 Nxd5 24. Rdg1 Bd7 25. Nf4 Ne7 26. d5 Rf7 27. Ne6 Bxe6 28. dxe6 Rff8 29. Qxd6 Nc6 30. Bd5 Kh8 31. Bxc6 bxc6 32. Re1 Qf5+ 33. Ka1 Qd5 34. Qd7 Rd8 35. Qxa7 Rg8 36. e7 Ra8 37. Qd4 Qf7 38. h6 Rge8 39. Qc5 Qd5 40. Qe3 Qf5 41. a3 Rab8 42. Qe6 Qg6 43. Qxc6 Rbc8 44. Qd6 Kg8 45. Re4 Rb8 46. Rxc4 Qc2 47. Qe6+ 1-0

[Event "Rilton Cup 49th"]
[Site "Stockholm"]
[Date "2019.12.28"]
[Round "2"]
[White "Christensen, Janus"]
[Black "Petersson, Baldur Teodor"]
[Result "1-0"]
[WhiteElo "2095"]
[BlackElo "2247"]
[PlyCount "41"]
[EventDate "2019.12.27"]
[EventType "swiss"]
[EventRounds "9"]
[EventCountry "SWE"]
[SourceTitle "CBM 194 Extra"]
[Source "ChessBase"]
[SourceDate "2020.03.31"]
[SourceVersion "1"]
[SourceVersionDate "2020.03.31"]
[SourceQuality "1"]

1. e4 e6 2. d4 d5 3. Nc3 Nf6 4. Bg5 dxe4 5. Nxe4 Be7 6. Bxf6 gxf6 7. Nf3 f5 8. Ng3 a6 9. Bd3 b5 10. Qe2 Qd5 11. a4 c6 12. 0-0 b4 13. Rfe1 Ra7 14. Bc4 Qd6 15. Rad1 0-0 16. Ne5 a5 17. Qh5 Nd7 18. Nxf7 Rxf7 19. Bxe6 Qxe6 20. Rxe6 Nf6 21. Qe2 1-0

[Event "Gothenburg op"]
[Site "Gothenburg"]
[Date "2019.08.18"]
[Round "8"]
[White "Petersson, Baldur Teodor"]
[Black "Hector, Jonny"]
[Result "0-1"]
[WhiteElo "2255"]
[BlackElo "2493"]
[PlyCount "58"]
[EventDate "2019.08.16"]
[EventType "swiss"]
[EventRounds "8"]
[EventCountry "SWE"]
[SourceTitle "CBM 191 Extra"]
[Source "ChessBase"]
[SourceDate "2019.09.30"]
[SourceVersion "1"]
[SourceVersionDate "2019.09.30"]
[SourceQuality "1"]

1. e4 e5 2. Nf3 Nc6 3. Bc4 Nf6 4. d4 exd4 5. 0-0 Nxe4 6. Re1 d5 7. Bxd5 Qxd5 8. Nc3 Qd7 9. Nxe4 Be7 10. Bg5 0-0 11. Bxe7 Qxe7 12. Nxd4 Bd7 13. Nb3 Rae8 14. Re3 Qd8 15. Qe2 b6 16. Rd1 Re6 17. Red3 Ne5 18. Rd5 Qe8 19. Nd4 Re7 20. f3 Bc8 21. Qd2 f5 22. Ng5 c6 23. Rxe5 Rxe5 24. Qc3 Bd7 25. f4 Re3 26. Qc4+ Kh8 27. Ndf3 h6 28. Nh3 Be6 29. Qd4 Bd5 0-1

[Event "Gothenburg Kvibergspelen"]
[Site "Gothenburg"]
[Date "2019.05.11"]
[Round "6"]
[White "Ziegler, Ari"]
[Black "Petersson, Baldur Teodor"]
[Result "1-0"]
[WhiteElo "2300"]
[BlackElo "2163"]
[PlyCount "53"]
[EventDate "2019.05.10"]
[EventType "swiss"]
[EventRounds "8"]
[EventCountry "SWE"]
[SourceTitle "CBM 190 Extra"]
[Source "ChessBase"]
[SourceDate "2019.07.15"]
[SourceVersion "1"]
[SourceVersionDate "2019.07.15"]
[SourceQuality "1"]

1. e4 c5 2. Nf3 e6 3. d4 cxd4 4. Nxd4 a6 5. Nc3 Qc7 6. g3 Bb4 7. Nb3 Nf6 8. Bg2 Be7 9. 0-0 d6 10. a4 Nc6 11. f4 0-0 12. Be3 b6 13. g4 Nd7 14. g5 Bb7 15. Rf3 Nc5 16. Rh3 g6 17. Qg4 Rfd8 18. Qh4 h5 19. Bf3 Bf8 20. Bxh5 gxh5 21. Qxh5 Bg7 22. f5 exf5 23. Nd5 Qc8 24. Nxb6 Qc7 25. Nd5 Qc8 26. Nxc5 f4 27. Rf1 1-0